[Event "Reunion op 07th"]
[Site "Reunion"]
[Date "2004.10.16"]
[Round "9"]
[White "Bourhim, Sarah"]
[Black "Manguis, Melissa"]
[Result "1-0"]
[WhiteElo "1199"]
[BlackElo "1199"]
[PlyCount "45"]
[EventDate "2004.10.09"]
[EventType "swiss"]
[EventRounds "9"]
[EventCountry "RUF"]
[SourceTitle "CBM 102 Extra"]
[Source "ChessBase"]
[SourceDate "2004.11.03"]
[SourceVersion "1"]
[SourceVersionDate "2004.11.03"]
[SourceQuality "1"]

1. d4 d5 2. Nc3 Nc6 3. Nf3 Nf6 4. Bf4 Bf5 5. e3 e6 6. Be2 Bd6 7. 0-0 0-0 8. h3 Bxf4 9. exf4 a6 10. Re1 b5 11. Ne5 Nxe5 12. fxe5 Nd7 13. Bd3 Bxd3 14. Qxd3 a5 15. Nxb5 c6 16. Nc3 Rb8 17. b3 Qb6 18. Rab1 Ra8 19. b4 Qa6 20. b5 Qa7 21. bxc6 Qa6 22. cxd7 Qxd3 23. cxd3 1-0

[Event "Reunion op 07th"]
[Site "Reunion"]
[Date "2004.10.14"]
[Round "6"]
[White "Techer, Laurie"]
[Black "Manguis, Melissa"]
[Result "1/2-1/2"]
[WhiteElo "1199"]
[BlackElo "1199"]
[PlyCount "48"]
[EventDate "2004.10.09"]
[EventType "swiss"]
[EventRounds "9"]
[EventCountry "RUF"]
[SourceTitle "CBM 102 Extra"]
[Source "ChessBase"]
[SourceDate "2004.11.03"]
[SourceVersion "1"]
[SourceVersionDate "2004.11.03"]
[SourceQuality "1"]

1. e4 e5 2. Nf3 Nf6 3. d3 Nc6 4. Nc3 Bc5 5. Be2 0-0 6. h3 d6 7. g4 Be6 8. Qd2 Bb4 9. a3 Ba5 10. Rg1 Nd5 11. exd5 Bxd5 12. h4 b6 13. g5 Qd7 14. h5 Qf5 15. h6 Qf4 16. Qd1 Qf5 17. Nh4 Qh3 18. Bh5 Qxh4 19. b4 g6 20. bxa5 Qxh5 21. Qxh5 gxh5 22. Rb1 Rab8 23. Rxb6 Rxb6 24. axb6 axb6 1/2-1/2

[Event "Reunion op 07th"]
[Site "Reunion"]
[Date "2004.10.13"]
[Round "5"]
[White "Manguis, Melissa"]
[Black "Henry, Laura"]
[Result "0-1"]
[WhiteElo "1199"]
[BlackElo "1009"]
[PlyCount "86"]
[EventDate "2004.10.09"]
[EventType "swiss"]
[EventRounds "9"]
[EventCountry "RUF"]
[SourceTitle "CBM 102 Extra"]
[Source "ChessBase"]
[SourceDate "2004.11.03"]
[SourceVersion "1"]
[SourceVersionDate "2004.11.03"]
[SourceQuality "1"]

1. e4 e5 2. Nf3 Nc6 3. Bc4 Nf6 4. Nc3 Bc5 5. 0-0 Ng4 6. d3 Bxf2+ 7. Kh1 Bc5 8. Bg5 Ne7 9. Bd5 0-0 10. Na4 Nf2+ 11. Rxf2 Bxf2 12. Qf1 Bb6 13. Nxb6 axb6 14. Nxe5 Qe8 15. Bxf7+ Rxf7 16. Qxf7+ Qxf7 17. Nxf7 Kxf7 18. c4 h6 19. Be3 c6 20. b3 d5 21. a4 b5 22. Bc5 Ng6 23. exd5 cxd5 24. cxd5 Nf4 25. Rd1 Nxd5 26. Rf1+ Ke8 27. Re1+ Kd7 28. Rc1 bxa4 29. b4 a3 30. Bd4 Nxb4 31. h3 Nxd3 32. Rf1 b5 33. Rf7+ Kc6 34. Rxg7 Nf2+ 35. Kh2 Nd3 36. Rh7 Kd5 37. Bh8 b4 38. Rxh6 b3 39. g4 b2 40. Rh5+ Kc4 41. g5 b1Q 42. g6 Qc2+ 43. Kg3 Qf2# 0-1